000 00517 a2200157 4500
999 _c217
_d217
008 220330b ||||| |||| 00| 0 eng d
020 _a9789280116779
082 0 0 _a623.880711
_bI339
110 _976
_aInternational Maritime Organization
245 _aAssessment, examination and certification of seafarers (Model Course 3.12 plus compendium)
260 _aLondon:
_bInternational Maritime Organization,
_c2000.
300 _av, 162 p.
490 0 _aModel Course;
_v3.12
650 0 _aMerchant Marine
942 _2ddc
_cBK